000
00475nam a2200145Ia 4500
008
090124s9999 xx 000 0 und d
082
_b
402946
245
_a
समाजसेवक नामदार गोखले
250
_a
1
260
_b
देवळे श.रा.
_c
1994
300
_a
32
630
_a
समाजसेवक नामदार गोखले
730
_a
समाजसेवक नामदार गोखले
942
_c
BOOK
999
_c
199408
_d
199408